Statistics for Champions League 2014-15 Teams Qualified

Click here to take the quiz!

General Stats

  • This quiz has been taken 382 times
  • The average score is 25 of 32

Answer Stats

GroupCountryTeam% Correct
BSpainReal Madrid
98%
FSpainBarcelona
97%
CGermanyBayer Leverkusen
95%
AItalyJuventus
95%
GEnglandChelsea
94%
FFranceParis Saint-Germain
92%
EEnglandManchester City
91%
DEnglandArsenal
90%
HPortugalPorto
90%
ASpainAtlético Madrid
89%
BEnglandLiverpool
89%
FNetherlandsAjax
87%
CPortugalBenfica
86%
GPortugalSporting CP
84%
EItalyRoma
83%
EGermanyBayern Munich
82%
BSwitzerlandBasel
79%
DTurkeyGalatasaray
79%
CRussiaZenit
79%
ERussiaCSKA Moscow
78%
ASwedenMalmö FF
75%
CFranceMonaco
75%
DGermanyBorussia Dortmund
73%
DBelgiumAnderlecht
72%
GGermanySchalke 04
72%
FCyprusAPOEL
66%
HSpainAthletic Bilbao
66%
HUkraineShakhtar Donetsk
62%
AGreeceOlympiacos
61%
HBelarusBATE Borisov
54%
BBulgariaLudogorets Razgrad
53%
GSloveniaMaribor
51%

Score Distribution

Percentile by Number Answered

Percent of People with Each Score

Your Score History

You have not taken this quiz